Informe tercera comisión: Salud ocupacional de los trabajadores bananeros

محفوظ في:
التفاصيل البيبلوغرافية
مؤلف مشترك: CSUCA
التنسيق: نص
اللغة:Spanish
منشور في: San José :
الوسوم: إضافة وسم
لا توجد وسوم, كن أول من يضع وسما على هذه التسجيلة!

MARC

LEADER 00000 a a2200000 04500
001 16665
003 cru CIDCACS/IIS
005 20231207150758.0
008 231205b |||||||| |||| 00| 0 spa d
040 |a CRAI/IIS  |c cru CIDCACS/IIS 
090 |a 13.04.01 S178 
110 |a CSUCA  
245 |a Informe tercera comisión: Salud ocupacional de los trabajadores bananeros  
260 |a San José :  
300 |a 3 p.  
942 |2 z  |c LITG  |h 13.04.01 S178  |i 09035  |6 130401_S178_09035 
999 |c 5479  |d 5479